الصراع بين البرجوازية والإقطاع 1789-1848 / (Record no. 16262)
[ view plain ]
| 000 -الفاتح | |
|---|---|
| حقل البيانات ثابتة الطول | 01128nam a2200265 i 4500 |
| 003 - محدد رقم الضبط | |
| رقم الضبط | EG-ScBUE |
| 005 - وقت وتاريخ اخر تعامل مع التسجيلة | |
| رقم الضبط | 20240116122414.0 |
| 008 - عناصر البيانات ثابتة الطول - معلومات عامة | |
| حقل البيانات ثابتة الطول | 111127m19581960ua af b 000 0 ara d |
| 040 ## - مصدر الفهرسة | |
| وكالة الفهرسة الأصلية | EG-ScBUE |
| لغة الفهرسة | ara |
| قواعد الوصف | rda |
| وكالة النسخ | EG-ScBUE |
| وكالة التعديل | EG-ScBUE |
| 082 04 - رقم تصنيف ديوى العشرى | |
| رقم الطبعة | 22 |
| رقم التصنيف | 940.2 |
| رقم المادة | ش ك ر |
| 100 1# - المدخل الرئيسى - إسم شخصى | |
| 9 (RLIN) | 13606 |
| الإسم الشخصى | شكري، محمد فؤاد، |
| التواريخ المصاحبة للاسم | -1963، |
| الدور | مؤلف. |
| 245 12 - بيان العنوان | |
| العنوان | الصراع بين البرجوازية والإقطاع 1789-1848 / |
| بيان المسئوليه,etc | تأليف دكتور محمد فؤاد شكري، أستاذ التاريخ الحديث بجامعة القاهرة. |
| 264 #1 - النشر، التوزيع | |
| مكان الناشر او الموزع | القاهرة : |
| اسم الناشر او الموزع | دار الفكر العربي، |
| تاريخ النشر أو التوزيع | 1958-1960. |
| 300 ## - الوصف المادى | |
| التعداد | 3 مجلدات ؛ |
| أبعاد الوعاء | 24 سم |
| 336 ## - نوع المحتوى | |
| source | rdacontent |
| Carrier Type Term | نص |
| Content Type Code | txt |
| 337 ## - نوع الوسيط | |
| Media Type Term | بدون وسيط |
| source | rdamedia |
| Media Type Code | n |
| 338 ## - نوع الحامل أو الناقل | |
| Carrier Type Term | مجلد |
| Carrier Type Code | nc |
| source | rdacarrier |
| 504 ## - تبصرة ببليوجرافية | |
| تبصرة ببليوجرافية,الخ | يشتمل على إرجاعات ببليوجرافية. |
| 650 #7 - المدخل الاضافى بالموضوع-مصطلح موضوعى | |
| 9 (RLIN) | 27904 |
| مصطلح موضوعي أو اسم جغرافي كعنصر مدخل | الطبقات الاجتماعية. |
| مصدر الرأس أو المصطلح | BUEsh |
| 650 #7 - المدخل الاضافى بالموضوع-مصطلح موضوعى | |
| 9 (RLIN) | 27903 |
| مصطلح موضوعي أو اسم جغرافي كعنصر مدخل | البورجوازية. |
| مصدر الرأس أو المصطلح | BUEsh |
| 651 #7 - المدخل الاضافى بالموضوع - اسم جغرافى | |
| 9 (RLIN) | 27905 |
| الاسم الجغرافي | أوروبا |
| التقسيم الفرعي العام | تاريخ |
| التقسيم الفرعي الزمني | قرون 18-19. |
| مصدر الرأس أو المصطلح | BUEsh |
| 653 ## - مصطلح تكشيفى غير مقيد | |
| Arrived date list | November2011 |
| 655 ## - مصطلح تكشيفى-نوع/شكل | |
| التقسيم الفرعي الشكلي | Reading book |
| 942 ## - عناصر المدخل الإضافي( كوها) | |
| مصدر التصنيف او مخطط الترفيف | Dewey Decimal Classification |
| Koha [default] item type | Book - Borrowing |
| حالة التراجع | حالة الفقد | مصدر التصنيف او خطة الترفيف | حالة تلف | ليس للاعارة | مجموعات كوها | المكان الدائم | المكان الحالي | موقع الترفيف | تاريخ الاكتساب | Source of acquisition | رقم الاستدعاء | الباركود | Date last seen | نوع الوعاء | تبصرة عامة | مُعار |
|---|---|---|---|---|---|---|---|---|---|---|---|---|---|---|---|---|
| Dewey Decimal Classification | Alef-Baa | Central Library | Central Library | Second Floor | 27/11/2011 | Purchase | 940.2 ش ك ر | 000025720 | 15/07/2025 | Book - Borrowing | مج. 2. | |||||
| Dewey Decimal Classification | Alef-Baa | Central Library | Central Library | Second Floor | 27/11/2011 | Purchase | 940.2 ش ك ر | 000025722 | 15/07/2025 | Book - Borrowing | مج. 3. | 02/11/2015 |